Name the K-Dramas by the plot!!!!! - Statistics

General Stats
  • This quiz has been taken 47 times
  • The average score is 7 of 15
Answer Stats
Hint Answer % Correct
A high schooler tormented by bullies for her looks, who learns advanced makeup skills to transform herself at a new school, becoming instantly popular but terrified of her bare face being exposed. True beauty
87%
A woman goes on a blind date in place of her friend, only to discover her date is her company's CEO. Business Proposal
67%
An immortal goblin cursed with eternal life seeks his human bride to end his curse. Goblin
59%
A talented CODA (Child of Deaf Adults) who secretly plays guitar, who time travels to 1995 after an argument with his father, finding himself in the past where he meets his young father, and forms a band called "Watermelon Sugar" to help his father win the heart of his first love and, in the process, tries to prevent the accident that will later cause his father to lose his hearing. Twinkling Watermelon
59%
A South Korean heiress accidentally paraglides into North Korea and falls for a soldier. Crash Landing on You
54%
A Korean-Italian mafia lawyer returns to South Korea to retrieve hidden gold, only to find the building where it's buried being illegally seized. Vincenzo
51%
A fencer and a hardworking young man meet and fall in love during a turbulent time in Korea twenty-five-twenty-one
49%
A woman meticulously plans her revenge on her high school bullies who inflicted severe abuse, executing a complex scheme to dismantle their lives. The Glory
41%
A brilliant young lawyer with autism spectrum disorder navigates complex cases and social challenges. Extraordinary Attorney Woo
36%
A modern-day chef's soul time-travels into the body of a queen in the Joseon Dynasty. Mr. Queen
36%
A fan devastated by the suicide of her favourite K-pop idol, gets a miraculous second chance to travel back in time 15 years to prevent his tragic future, all while changing her own life and discovering a deep, fated connection between them Lovely runner
28%
A woman attempting to reboot her life returns to Korea and becomes entangled with her childhood friend — with whom she shares a complicated history. Love next door
28%
Follows the lives, friendships, and medical challenges of five doctors who've known each other since med school. Hospital Playlist
23%
A wealthy, third-generation conglomerate heiress and her husband, a brilliant legal director from a humble farming village, whose once-passionate marriage is now on the brink of divorce. Queen of tears
23%
A psychiatric ward caregiver and a popular children's book author with antisocial personality disorder, as they heal from deep childhood traumas by confronting their painful pasts together, forming an unconventional, healing family. Its okay not to be okay
15%
No matching quizzes found
Score Distribution
Percent of People with Each Score
Percentile by Number Answered
Your Score History
You have not taken this quiz